000 00447cam a2200145 4500500
005 20260322001334.0
041 _afre
042 _adc
100 1 0 _aJoignot, Frédéric
_eauthor
245 0 0 _aTout en demi-mesure
260 _c2007.
500 _a93
786 0 _nPhilosophie magazine | 9 | 5 | 2007-05-01 | p. 4-5 | 1951-1787
856 4 1 _uhttps://shs.cairn.info/magazine-philosophie-magazine-2007-5-page-4?lang=fr&redirect-ssocas=7080
999 _c1713934
_d1713934